| 000 | 01574nam a2200301 a 4500 | ||
|---|---|---|---|
| 005 | 20180803165358.0 | ||
| 008 | 140129b2006 ck ||||| |||| 00| 0 spa d | ||
| 040 | _cCO-BoIH | ||
| 041 | _aspa | ||
| 044 | _ack | ||
| 090 |
_aIAVH _b01019 |
||
| 100 |
_aRodríguez Reyes, Maritza _94815 |
||
| 245 | _aCaracterización de las herramientas de planificación disponibles en las Corporaciones Autónomas Regionales | ||
| 260 |
_aBogotá _bInstituto Alexander von Humboldt _c2006 |
||
| 300 | _a57 p. | ||
| 520 | _aContiene una caracterización de las herramientas de planificación disponibles en las CARs, como insumo para el diseño de las propuestas técnicas que permitan incorporar consideraciones de biodiversidad en la planificación de los sectores agropecuario, minero-energético y de transporte; define acciones de prevención y / o mitigación de impactos causados por los desarrollos sectoriales sobre la biodiversidad en el marco de los Planes de Acción Regional. Ofrece información metodológica, la caracterización de las herramientas, las herramientas de planificación en el mediano y largo plazos y la propuesta de articulación y fortalecimiento | ||
| 650 |
_aCaracterización _992456 |
||
| 650 |
_aHerramientas de planificación _95746 |
||
| 650 |
_aSector agropecuario _992512 |
||
| 650 |
_aSector minero - Energético _95711 |
||
| 650 |
_aSector transporte _95748 |
||
| 650 |
_aPrevención _930708 |
||
| 650 |
_aMitigación _95750 |
||
| 650 |
_aBiodiversidad _992204 |
||
| 650 |
_aImpactos _95751 |
||
| 942 |
_cINFORME _2z |
||
| 945 | _d2008-08-29 | ||
| 999 |
_c6495 _d6495 |
||